000 nam a22 a 4500
999 _c125
_d125
003 AKMAL
005 20170420112309.0
008 170419s1998 my d 00 eng d
020 _a9837203374 (pbk.):
040 _aAKMAL
082 0 4 _a020.03
090 0 0 _a020.03
_bLEA
100 1 _aMacLean, Frank
_9319
245 1 0 _aDictionary of information science /
_cFrank MacLean
260 _aKuala Lumpur :
_bGolden Books Centre,
_c1998
300 0 0 _a250p. ;
_c21cm
650 0 _aInformation science
_xDictionaries
_9320
650 0 _aInformation technology
_vDictionaries
_9321
650 0 _aInformation storage and retrieval system
_xDictionaries
_9322
942 _2ddc
_cBOOK